Transducers and arrays for underwater sound

Αποθηκεύτηκε σε:
Λεπτομέρειες βιβλιογραφικής εγγραφής
Κύριοι συγγραφείς: Sherman, Charles H (Συγγραφέας), Butler, John L (Συγγραφέας)
Μορφή: Βιβλίο
Γλώσσα:Αγγλικά
Έκδοση: Nueva York Springer 2013
Έκδοση:1a. ed
Σειρά:Monograph Series in Underwater Acoustics
Θέματα:
Ετικέτες: Προσθήκη ετικέτας
Δεν υπάρχουν, Καταχωρήστε ετικέτα πρώτοι!

MARC

LEADER 00000cam a2200000 a 4500
001 UCE4120
003 CL-VaPUC
008 141009e20130000us |||||||||||||||||eng|d
020 |a 9780387329406 
082 0 4 |a 620.25  |b SHE  |2 21 
100 0 |a Sherman, Charles H  |e author  |9 576688 
700 0 |a Butler, John L  |e author  |9 576689 
245 1 0 |a Transducers and arrays for underwater sound 
250 |a 1a. ed 
300 |a 610 p 
942 |c BK 
945 |d 20141009 14:36:00  |a arojas 
260 |a Nueva York  |b Springer  |c 2013 
650 0 |a Acústica subacuática  |9 261795 
650 0 |a Ondas sonoras  |9 322250 
650 7 |a SONAR  |2 CL-VaPUC  |9 324436 
650 0 |a Sonido   |9 261796 
583 |a last modification  |c 20141009 14:36:00  |k Rodrigo Vera 
490 0 |a Monograph Series in Underwater Acoustics 
999 |c 357183  |d 357181 
952 |0 0  |1 0  |3 erd  |4 0  |6 620_250000000000000_SHE_2013  |7 0  |8 CCM  |9 465007  |a BIBCUR  |b BIBCUR  |i 5117941  |o 620.25 SHE 2013  |p 5117941  |r 2025-04-22  |w 2019-11-23  |y BK  |z Catalogado en:20141009  |k CIM